| 000 | 01764nam0a2200325 i 4500 | ||
|---|---|---|---|
| 001 | RU\NLR\BIBL_A\010017811 | ||
| 005 | 20241102063139.0 | ||
| 010 |
_a9785929308673 _9100 |
||
| 021 |
_aRU _b2013-90931 _96294 |
||
| 035 | _a(NILC)RuMoRGB-006694531 | ||
| 035 | _a(NLR Aleph) 010017811 | ||
| 090 |
_a9885696 _c9885696 |
||
| 100 | _a20131224d2013 m y0rusy50 ca | ||
| 101 | 0 | _arus | |
| 102 | _aRU | ||
| 105 | _aa|||j|||001yy | ||
| 200 | 1 |
_aПодземный транспорт рудников _eучебное пособие для студентов специальности 130400 - Горное дело, специализация "Подземная разработка рудных месторождений" _fВ. В. Медведев _gМ-во образования и науки Российской Федерации, Федеральное гос. бюджетное образовательное учреждение высш. проф. образования "Забайкальский гос. ун-т" (ФГБОУ ВПО "ЗабГУ") |
|
| 210 |
_aЧита _cЗабГУ _d2013 |
||
| 215 |
_a220 с. _cил., табл. _d20 |
||
| 320 | _aБиблиогр.: с. 203-204 (24 назв.) | ||
| 606 |
_aРудничный транспорт _jУчебные издания для высших учебных заведений _91260915 _3RU\NLR\AUTH\66200166 |
||
| 675 | _a622.4/.6(075.8) | ||
| 686 | 1 | _aИ16я73-1 | |
| 700 | 1 |
_aМедведев _bВ. В. _cканд. техн. наук, горное дело _f1963- _gВалерий Васильевич _9136290 _3RU\NLR\AUTH\770136325 |
|
| 801 | 0 |
_aRU _bRuMoRKP _c20131111 _gRCR |
|
| 801 | 2 |
_aRU _bРГБ _c20131203 _grcr |
|
| 942 | _cBOOK | ||
| 980 | _aNBR | ||